Water quality control handbook
This handbook is intended to provide industrial, governmental, and consulting environmental practitioners a quick reference guide to all major areas of water pollution control. Among the topics discussed are the physical, chemical, and biological characteristics of wastewater; monitoring, sampling,...
Đã lưu trong:
| Príomhúdar: | |
|---|---|
| Formáid: | Leabhar |
| Teanga: | Undetermined |
| Foilsithe: |
New York
Mc Graw-Hill
2000
|
| Ábhair: | |
| Clibeanna: |
Cuir Clib Leis
Gan Chlibeanna, Bí ar an gcéad duine leis an taifead seo a chlibeáil!
|
| Thư viện lưu trữ: | Trung tâm Học liệu Trường Đại học Cần Thơ |
|---|
| LEADER | 01183nam a2200217Ia 4500 | ||
|---|---|---|---|
| 001 | CTU_49615 | ||
| 008 | 210402s9999 xx 000 0 und d | ||
| 020 | |c 1925000 | ||
| 082 | |a 628.72 | ||
| 082 | |b A435 | ||
| 100 | |a Alley, E. Roberts | ||
| 245 | 0 | |a Water quality control handbook | |
| 245 | 0 | |c E. Roberts Alley | |
| 260 | |a New York | ||
| 260 | |b Mc Graw-Hill | ||
| 260 | |c 2000 | ||
| 520 | |a This handbook is intended to provide industrial, governmental, and consulting environmental practitioners a quick reference guide to all major areas of water pollution control. Among the topics discussed are the physical, chemical, and biological characteristics of wastewater; monitoring, sampling, and testing methods; the modeling of the effects of pollutants on the environment; effective management, including the establishment of policies and proper documentation; applicable water pollution regulatory standards; and the theory, design recommendations, and practical suggestions for various water pollution control systems | ||
| 650 | |a Water quality management,Water | ||
| 650 | |x Pollution | ||
| 904 | |i H. Mai | ||
| 980 | |a Trung tâm Học liệu Trường Đại học Cần Thơ | ||